Hotely pre festival

Bibliographic Details
Main Authors: Ivanov, Vladimir (Author), Kuček, Martin (Author)
Format: Article
Language:Slovak
PhysicalDescription:Obr. 1.
Subjects:

MARC

LEADER 00000nab a2200000 a 4500
001 vtls000217169
003 SK-MaSNL
005 20260302204526.0
008 111130c1985 xo 0 slo
015 |a SNBRB19rr/mm-uuuuu 
035 |a CL0227283 
040 |a SNKBUCL  |b slo  |c SNKBUCL  |e AACR2 
041 0 |a slo 
044 |a xo  |c SK 
080 |a 379.841:329.78  |2 1981 
080 |a 329.78  |2 1981 
080 |a 338.48  |2 1981 
100 1 |a Ivanov, Vladimir  |4 aut  |9 523242 
245 1 0 |a Hotely pre festival  |c Vladimir Ivanov, Martin Kuček 
300 |b Obr. 1. 
650 0 7 |a Cestovná kancelária Sputnik  |2 snkbucl  |9 929158 
655 7 |a články z novín a časopisov  |2 snkbucl  |9 267496 
700 1 |a Kuček, Martin  |4 aut  |9 517197 
773 0 |t Smena  |g Roč. 38, č. 129 (4. 6. 1985), s. 1 
850 |a Slovenská národná knižnica v Martine  |a MTA001 
852 |a SNK  |b KIS3GCP 
992 |a RBX 
999 |c 1473816  |d 1475746